| 000 | 01004cam a2200289 a 4500 | ||
|---|---|---|---|
| 001 | 3920 | ||
| 003 | BD-RjUL | ||
| 005 | 20211208233812.0 | ||
| 008 | 131221r20082006ii a bf 001 0 eng d | ||
| 020 | _a0070236194 | ||
| 020 | _a8130903075 | ||
| 020 | _a9788130903071 | ||
| 035 | _a(BD-RjUL)3954 | ||
| 040 |
_aDLC _cDLC _dDLC _d(BD-RjUL) _beng |
||
| 041 | _aeng | ||
| 082 | 0 | 0 |
_a658 _220 _bHAN |
| 245 | 0 | 0 |
_aHandbook of technology management / _cGerard H. "Gus" Gaynor, editor in chief. |
| 260 |
_aNew Delhi : _bViva Books, _cc2006 [reprent 2008]. |
||
| 300 |
_aVarious pages : _bill. ; _c24 cm. |
||
| 504 | _aIncludes bibliographical references and indexes. | ||
| 650 | 0 |
_aTechnology _xManagement _xHandbooks, manuals, etc. _912499 |
|
| 700 |
_aSzakonyi, Robert _9139519 |
||
| 856 | 4 | 2 |
_3Publisher description _uhttp://www.loc.gov/catdir/description/mh022/96011637.html |
| 856 | 4 | 1 |
_3Table of contents _uhttp://www.loc.gov/catdir/toc/mh022/96011637.html |
| 942 |
_2ddc _cBK |
||
| 999 |
_c3920 _d3920 |
||